000 00552nam a2200205Ia 4500
005 20260429112227.0
008 260429s9999||||xx |||||||||||||| ||und||
020 _a9789393462565
041 _aEnglish
082 _a001.42
_bBEH
100 _aBehera, Satyapriya
245 0 _aResearch methodology /
_cSatyapriya Behera
260 _aNew Delhi :
_bNavyug Books,
_c2024.
300 _aviii, 318 p.; hb
650 _a Research methodology
650 _aResearch methods
700 _a Bhowmick, Swati
700 _a Guru, Nibedita
942 _cTB
999 _c52998
_d52998